| 000 | 00552nam a2200181Ia 4500 | ||
|---|---|---|---|
| 001 | 10267 | ||
| 005 | 20260306161819.0 | ||
| 008 | 260306t1993||||xx |||||||||||||| ||spa|| | ||
| 041 | _aESP | ||
| 082 |
_a910.485084 _bW943 |
||
| 100 |
_aWiener, Charles _eAUT |
||
| 245 | 0 |
_aPerú y Bolivia: _bseguido de estudios arqueológicos y etnográficos y de notas sobre la escritura y los idiomas de las poblaciones indígenas |
|
| 260 | _c1993 | ||
| 300 |
_axxxvi, ix, 859 páginas : _c25 cm. |
||
| 650 | _aGEN | ||
| 654 | _aCHU | ||
| 942 |
_cLIB _dJUS _fJUS _2ddc _n |
||
| 999 |
_c10267 _d10267 |
||